00310nam a22000977a 4500008004100000082001800041100002400059245009900083260002100182300000900203230612b xxu||||| |||| 00| 0 eng d a354.6200bGOK cGovernment of Kenya aPublic Accounts Committee on the Government of Kenya Accounts for the Year 1981/82 and 1982/83 aKenyabGOKc1983 a195p